Pays en fonction du chef d'Etat - Statistiques

Statistiques générales
  • Ce quiz a été pris 117 fois
  • Le résultat moyen est 12 sur 20
Statistiques - réponses
Hint Réponse % Correct
Valéry Giscard d'Estaing France
100%
Deng Xiaoping Chine
95%
Bachar Al-Assad Syrie
92%
Recep Tayyip Erdogan Turquie
90%
Benjamin Nethanyahou Israël
79%
Shinzo Abe Japon
79%
Luiz Lula da Silva Brésil
74%
Neuville Chamberlain Royaume-Uni
66%
Juan Peron Argentine
60%
Mette Fredericksen Danemark
55%
Scott Morrison Australie
54%
Bjarni Benediktsson Islande
50%
Lech Walesa Pologne
50%
Léopold Sedar Seghor Sénégal
49%
Joachim Gauck Allemagne
48%
Anibal Cavaco Silva Portugal
48%
Zachary Taylor Etats-Unis
31%
Vicente Fox Mexique
26%
Jacinda Ardern Nouvelle-Zélande
26%
Ukhnaagiin Khürelsükh Mongolie
18%
Aucun quiz correspondant
Distribution des résultats
% des personnes avec chaque résultat
Percentile par nombre de réponses
Votre historique - résultats
Vous n’avez pas pris ce quiz